| 000 | 00623nam a22002057a 4500 | ||
|---|---|---|---|
| 999 |
_c195225 _d195225 |
||
| 005 | 20230317123622.0 | ||
| 010 | _aENG-136384 | ||
| 020 |
_a9789393737823 _c200.00 |
||
| 035 | _aEN-119916 | ||
| 037 | _bDBAD/PUB | ||
| 082 | _a530 | ||
| 100 | _aDharsini, Shalini | ||
| 245 |
_aIntroduction To Solid State Physics / _cBy Shalini Priya Dharsini and J Selvarasi |
||
| 250 | _aFirst | ||
| 260 |
_aTamil Nadu _bShanlax Publications |
||
| 270 |
_bTamil Nadu _a61,66 T.P.K Main Road ,Vasantha Nagar ,Madurai _e625003 |
||
| 300 |
_a103p. _c24cm(pb) |
||
| 700 | _aSelarasi, J | ||
| 942 |
_2ddc _cEN _mSHA _h530 |
||